• 首页
  • 本馆介绍
  • 公告通知
  • 最新文献
  • 馆藏检索
  • 电子资源
  • 读者导购
  • 参考咨询
  • 我的图书馆
  • 登录
  • 详细信息显示
  • 放入我的书架
  • 预约/预借图书
  • 作者相关作品
  • 分类相关作品
  • 丛书相关作品
  • 出版社相关作品

书目信息

  • 表格格式
  • 工作单格式
  • 卡片格式
题名:
高等代数导教·导学·导考
    
 
作者: 徐仲 编
分册:  
出版信息: 西安   西北工业大学出版社  2004
页数: 609页
开本: 20cm
丛书名: 三导丛书
单 册:
中图分类: O15
科图分类:
主题词: 高等代数--高等学校
电子资源:
ISBN: 7-5612-1741-2
000 00908oam2 2200253 45
001 002632153
005 20050331094005.8
010    @a7-5612-1741-2@dCNY24.00
100    @a20040426d2004 em y0chiy0110 ea
101 0  @achi
102    @aCN@b610000
105    @ay zq 000yy
200 1  @a高等代数导教·导学·导考@AGao Deng Dai Shu Dao Jiao·Dao Xue·Dao Kao@e北大·第三版@f徐仲等编@FXu Zhong Deng Bian
210    @a西安@c西北工业大学出版社@d2004
215    @a609页@d20cm
225 2  @a三导丛书
330    @a本书通过简明的理论介绍与方法总结,以及对大量有代表性的典型例题进行分析、求解和评注,揭示了高等代数的解题方法与技巧,同时给出了北大《高等代数》教材中各章习题及补充题的解答。
410    @12001 @a三导丛书
517    @a北大·第三版@ABei Da·Di San Ban
606 0  @a高等代数@x高等学校
690    @aO15@v4
701  0 @a徐仲@4编
801  0 @aCN@bNLC@c20040604
905    @f5@b346990-994@dO15@e21=3(+)
    
    高等代数导教·导学·导考:北大·第三版/徐仲等编.-西安:西北工业大学出版社,2004
    609页;20cm.-(三导丛书)
    
    
    ISBN 7-5612-1741-2:CNY24.00
    本书通过简明的理论介绍与方法总结,以及对大量有代表性的典型例题进行分析、求解和评注,揭示了高等代数的解题方法与技巧,同时给出了北大《高等代数》教材中各章习题及补充题的解答。
●
相关链接 在E读中查询图书 在五车中查询图书 在当当中查询图书 在豆瓣中查询图书


正题名:高等代数导教·导学·导考     索取号:O15/21=3(+)         预约/预借

序号 登录号 条形码 馆藏地/架位号 状态 备注
1 0346990   203469905   第二样本阅览室/ [索取号:O15/21=3(+)] 在馆    
2 0346991   203469914   第三借阅区/ [索取号:O15/21=3(+)] 在馆    
3 0346992   203469923   第三借阅区/ [索取号:O15/21=3(+)] 在馆    
4 0346993   203469932   第三借阅区/ [索取号:O15/21=3(+)] 在馆    
5 0346994   203469941   第三借阅区/ [索取号:O15/21=3(+)] 在馆    
唐山师范学院图书馆 欢迎您!
大连网信软件有限公司© 版权所有